000 01369nam a2200301 i 4500
003 EG-GICUC
005 20260419114812.0
008 260419s2010 ua ||||fr|||| 00| 0 ara d
040 _a EG-GICUC
_bara
_c EG-GICUC
_d EG-GICUC
_erda
041 _aara
_hara
082 0 4 _221
_a345.7
_bع ب . ت
092 0 4 _221
099 _aLaw1 07 345.7 ع ب . ت 2010
100 1 _aعبد العزيز عبد المنعم خليفه
_eAuthor.
245 1 2 _aتنفيذ العقد الاداري :
_bتسويه منازعاته قضاء وتحكيما /
_cعبدالعزيز عبد المنعم خليفه.
264 1 _aالاسكندريه :
_bدار الفكر الجامعى,
_c2010.
300 _a383صفحة
_bإيضاحيات، صور، مثيليات ؛
_c24 سم
336 _2rda content
_atext
337 _2rda media
_aComputer
338 _2rda carrier
_aOnline Resource
505 _aسلطات الاداره الاستثنائيه فى تننفيذ تعاقداتها الاداريه الالتزامات التعاقديه للاداره والمتعاقد معها تسويه منازعات العقود الاداريه
546 _aالنص باللغة العربية
650 1 4 _aالعقود الاداريه
_2qrmak
651 1 _2qrmak
856 4 0 _uhttps://fll.law.cu.edu.eg/B07-04163/bks/test.pdf
905 _a163
942 _2ddc
_cBK
_e21
_n0
999 _c71869
_d71869